Vocabulary in context

Gorde:
Xehetasun bibliografikoak
Egile nagusia: Franklin, Harry et al
Formatua: Liburua
Hizkuntza:Undetermined
Argitaratua: Washington, Estados Unidos University of Michigan 1969
Gaiak:
Etiketak: Etiketa erantsi
Etiketarik gabe, Izan zaitez lehena erregistro honi etiketa jartzen!

MARC

LEADER 00000nam a2200000Ia 4500
008 170316s9999 xx 000 0 und d
090 |a 415-I F-6v 
100 |a Franklin, Harry et al. 
245 |a Vocabulary in context 
260 |a Washington, Estados Unidos 
260 |b University of Michigan 
260 |c 1969 
300 |a 192 páginas 
650 |a GRAMÁTICA INGLESA 
999 |c 19372  |d 19372 
040 |a cru BVZT 
942 |c 15 D  |h 415-I F-6v  |2 z